书目信息 |
| 题名: |
趣读史记
|
|
| 作者: | 许晖 , 郭灿金 著 | |
| 分册: | 2 不可不知的十九类《史记》事件 | |
| 出版信息: | 武汉 崇文书局 2007 |
|
| 页数: | 206页 | |
| 开本: | 24cm | |
| 丛书名: | ||
| 单 册: | ||
| 中图分类: | K220.5 , K204.2 | |
| 科图分类: | ||
| 主题词: | ||
| 电子资源: | ||
| ISBN: | 978-7-5403-1164-3 | |
| 000 | 00793nam0 2200241 450 | |
| 001 | 1539930814 | |
| 005 | 20150119110624.45 | |
| 010 | @a978-7-5403-1164-3@dCNY20.00 | |
| 100 | @a20070327d2007 em y0chiy50 ea | |
| 101 | 0 | @achi |
| 102 | @aCN@b420000 | |
| 105 | @aa z 000yd | |
| 200 | 1 | @a趣读史记@9qu du shi ji@h2@i不可不知的十九类《史记》事件@f许晖,郭灿金著 |
| 210 | @a武汉@c崇文书局@d2007 | |
| 215 | @a206页@c图,照片@d24cm | |
| 330 | @a本书作者站在现代人的立场上,结合现实社会生活,以现代观念洞察历史玄机,对《史记》做出了新奇、别致的解读。 | |
| 605 | @a《史记》@x历史事件@x研究 | |
| 690 | @aK220.5@v5 | |
| 690 | @aK204.2@v5 | |
| 701 | 0 | @a许晖@9xu hui@f(1969~)@4著 |
| 701 | 0 | @a郭灿金@9guo can jin@f(1967~)@4著 |
| 801 | 0 | @aCN@bTSSF@c20150119 |
| 905 | @aZUCC@dK220.5@eJY20:2 | |
| 趣读史记.2.不可不知的十九类《史记》事件/许晖,郭灿金著.-武汉:崇文书局,2007 |
| 206页:图,照片;24cm |
| ISBN 978-7-5403-1164-3:CNY20.00 |
| 本书作者站在现代人的立场上,结合现实社会生活,以现代观念洞察历史玄机,对《史记》做出了新奇、别致的解读。 |
| ● |
| 相关链接 |
|
|
|
|
正题名:趣读史记
索取号:K220.5/JY20:2
 
预约/预借
| 序号 | 登录号 | 条形码 | 馆藏地/架位号 | 状态 | 备注 |
| 1 | 7848680 | 278486808 | 学院路分馆/ [索取号:K220.5/JY20:2] | 在馆 | |
| 2 | 7848681 | 278486817 | 学院路分馆/ [索取号:K220.5/JY20:2] | 在馆 | |
| 3 | 7848682 | 278486826 | 学院路分馆/ [索取号:K220.5/JY20:2] | 在馆 | |
| 4 | 7848683 | 278486835 | 学院路分馆/ [索取号:K220.5/JY20:2] | 在馆 |